| 000 | 01047pam a2200313 a 4500 | ||
|---|---|---|---|
| 001 | ocn131069301 | ||
| 003 | PILC | ||
| 005 | 20150112093447.0 | ||
| 008 | 070516s2008 njua 001 0 eng | ||
| 010 | _a2007020615 | ||
| 020 | _a9780471730088 (cloth) | ||
| 040 |
_aDLC _cDLC _dYDX _dBAKER _dBTCTA _dYDXCP _dCVU |
||
| 049 | _aCVUA | ||
| 050 |
_aTX 911.3.P8 _b.F45 2008 |
||
| 082 | 0 | 0 |
_aR 647.95068 _bF32p 2008 |
| 090 |
_aTX911.3.P8 _bS73 2008 |
||
| 100 | 1 |
_aFeinstein, Andrew Hale. _928652 |
|
| 245 | 1 | 0 |
_aPurchasing : _bselection and procurement for the hospitality industry / _cAndrew Hale Feinstein and John M. Stefanelli. |
| 250 | _a7th ed. ed. | ||
| 260 |
_aHoboken, N.J. : _bJohn Wiley & Sons, Inc., _c2008. |
||
| 300 |
_a786 pages : _bcolored illustration ; _c25 cm. |
||
| 500 | _aIncludes index. | ||
| 650 | 0 |
_aHospitality industry _xPurchasing. _928653 |
|
| 700 | 1 |
_aStefanelli, John M. _928654 |
|
| 910 | _a20071207/w/c;ckc | ||
| 942 |
_2lcc _cBK |
||
| 980 |
_a021107 _b66370 _e6560 _f262261 _g1 |
||
| 981 |
_aybp _bHMGTB _d40014692837 |
||
| 999 |
_c14951 _d14951 |
||